[Event "Malaga op 13th"]
[Site "Malaga"]
[Date "2010.02.25"]
[Round "7"]
[White "Canamero Corredera, Jose Antonio"]
[Black "Molina Mataran, Manuel"]
[Result "0-1"]
[WhiteElo "1662"]
[BlackElo "1962"]
[PlyCount "56"]
[EventDate "2010.02.20"]
[EventType "swiss"]
[EventRounds "9"]
[EventCountry "ESP"]
[SourceTitle "CBM 135 Extra"]
[Source "ChessBase"]
[SourceDate "2010.05.04"]
[SourceVersion "1"]
[SourceVersionDate "2010.05.04"]
[SourceQuality "1"]

1. d4 d5 2. Bf4 Nf6 3. e3 e6 4. Nf3 c5 5. c3 Bd7 6. Bd3 Nc6 7. Nbd2 Be7 8. 0-0 Nh5 9. Bg3 Nxg3 10. fxg3 Qc7 11. e4 cxd4 12. exd5 exd5 13. Nxd4 Qb6 14. Qb3 Qxb3 15. N2xb3 0-0 16. Bf5 Rad8 17. Bxd7 Rxd7 18. Nxc6 bxc6 19. Rad1 Rb7 20. Rfe1 Bd8 21. Kf1 Bb6 22. Re2 f5 23. Nd4 f4 24. Ne6 fxg3+ 25. Ke1 gxh2 26. Kd2 Rf2 27. Rxf2 Bxf2 28. b3 Re7 0-1

[Event "Malaga op 13th"]
[Site "Malaga"]
[Date "2010.02.24"]
[Round "6"]
[White "Barroso Campos, Manuel"]
[Black "Canamero Corredera, Jose Antonio"]
[Result "1/2-1/2"]
[WhiteElo "1910"]
[BlackElo "1662"]
[PlyCount "122"]
[EventDate "2010.02.20"]
[EventType "swiss"]
[EventRounds "9"]
[EventCountry "ESP"]
[SourceTitle "CBM 135 Extra"]
[Source "ChessBase"]
[SourceDate "2010.05.04"]
[SourceVersion "1"]
[SourceVersionDate "2010.05.04"]
[SourceQuality "1"]

1. e4 c5 2. Nf3 Nc6 3. d4 cxd4 4. Nxd4 g6 5. Nc3 Bg7 6. Be3 Nf6 7. Bc4 Qa5 8. 0-0 0-0 9. Nb3 Qb4 10. Bd3 b6 11. f4 e6 12. Qf3 Bb7 13. a3 Qe7 14. Rad1 Rad8 15. e5 Ne8 16. Ne4 d5 17. Ng5 d4 18. Be4 Nxe5 19. fxe5 Bxe4 20. Qxe4 dxe3 21. Qxe3 Rxd1 22. Rxd1 Bh6 23. h4 f6 24. exf6 Qxf6 25. Qxe6+ Kh8 26. Qxf6+ Nxf6 27. Nf3 Be3+ 28. Kf1 Ng4 29. Rd7 Ne5 30. Rxa7 Nxf3 31. gxf3 Rxf3+ 32. Ke2 Rh3 33. Ra4 Bh6 34. Re4 Kg8 35. Nd4 Bg7 36. a4 Bf6 37. Nf3 Bxb2 38. Re6 Kg7 39. Rxb6 Bf6 40. Rb4 Bc3 41. Rc4 Ba5 42. Kf2 Rh1 43. Kg2 Ra1 44. Ng5 h6 45. Ne6+ Kf6 46. Nd4 Rd1 47. Nf3 Rd5 48. Rc6+ Kf5 49. Rc4 g5 50. hxg5 hxg5 51. Nd4+ Kg4 52. Nc6+ Kh5 53. Nxa5 Rxa5 54. Kg3 Re5 55. Rc3 Ra5 56. Ra3 g4 57. c4 Rc5 58. a5 Rxc4 59. a6 Rc8 60. Ra5+ Kg6 61. Kxg4 Kf6 1/2-1/2